000
00299nam a22001337a 4500
020
_a
978-93-5275-185-3
082
_a
001
_b
KUR/S
100
_a
SCHOLASTIC
245
_a
YEARBOOK 2018
260
_a
GURGAON
_b
SCHOLASTIC INDIA
_c
2017
300
_a
256
650
_a
GENERAL KNOWLEDGE
_z
INDIA
942
_c
BK
999
_c
6681
_d
6681